Trends in medical physics and biomedical instrumentation / (Record no. 143547)

MARC details
000 -LEADER
fixed length control field 00625nam a22001937a 4500
005 - DATE AND TIME OF LATEST TRANSACTION
control field 20170818144033.0
010 ## - LCCN (DPL NO)
LC control number ENG-119739
020 ## - INTERNATIONAL STANDARD BOOK NUMBER
International Standard Book Number 9788129000408
Terms of availability 375.00
020 ## - INTERNATIONAL STANDARD BOOK NUMBER
International Standard Book Number 8129000407
Terms of availability 375.00
035 ## - SYSTEM CONTROL NUMBER
System control number EN-103271
037 ## - SOURCE OF ACQUISITION
Source of stock number/acquisition DBAD/PUB
082 ## - DEWEY DECIMAL CLASSIFICATION NUMBER
Classification number 610.153
245 ## - TITLE STATEMENT
Title Trends in medical physics and biomedical instrumentation /
Statement of responsibility, etc edited by D.V. Rai [and] Raj Bahadur
260 ## - PUBLICATION, DISTRIBUTION, ETC. (IMPRINT)
Place of publication, distribution, etc Chandigarh
Name of publisher, distributor, etc New Era Book Agency
Date of publication, distribution, etc 2009
270 ## - ADDRESS
Address SCO 49-51, Sector-17 C, Post Box-52
City Chandigarh
Postal code 160017
300 ## - PHYSICAL DESCRIPTION
Extent 320p. :
Dimensions 24cm(pbk)
Other physical details ill.
700 ## - ADDED ENTRY--PERSONAL NAME
Personal name Rai, D.V
942 ## - ADDED ENTRY ELEMENTS (KOHA)
Source of classification or shelving scheme Dewey Decimal Classification
Item type English Books
Classification part 610.153
Call number suffix TRE
Holdings
Withdrawn status Lost status Not for loan Collection code Home library Current library Date acquired Source of acquisition Cost, normal purchase price Full call number Barcode Copy number Cost, replacement price Koha item type
    Not For Loan Non-fiction D.B.Act.Division D.B.Act.Division 18/08/2017 DBAD/PUB 375.00 610.153TRE EN-103271 DBAD/PUB 375.00 English Books

© Delhi Public Library
Hit Counter
free hit counter